Introduction to communication research

Bibliographic Details
Main Author: Reinard, John C. (Author)
Format: Book
Language:English
Published: Boston : McGraw-Hill 2001
Edition:Third edition
Subjects:

MARC

LEADER 00000cam a2200000 7i4500
001 0000011849
005 20241017.0
008 030826 maua eng
020 |a 0072358696 (pbk) 
040 |a INS   |b eng   |e rda 
090 0 0 |a P91.3   |b .R380 2001 
100 1 |a Reinard, John C. ,   |e author 
245 1 0 |a Introduction to communication research   |c John C. Reinard 
250 |a Third edition 
264 1 |a Boston :   |b McGraw-Hill   |c 2001 
300 |a xii, 468 pages :   |b illustrations ;   |c 23 cm. 
336 |a text  |2 rdacontent 
337 |a unmediated  |2 rdamedia 
338 |a volume  |2 rdacarrier 
504 |a Includes bibliographical references and index 
650 0 |a Communication   |x Research   |y Methodology 
999 |a 0000011616   |b BOOK   |c Open Shelf   |e Default branch 
999 |a 0000011617   |b BOOK   |c Open Shelf   |e Default branch